000 00666nam a2200193 i 4500
001 70607
003 ES-MaACL
005 20250625063148.0
007 t|
008 040728s1949 sp ||||1| spa d
100 1 _aGarciasol, Ramón de,
_d1913-1994
_9236221
245 1 4 _aLos versos iniciales de Rubén Darío /
_cRamón de Garciasol (seud.).
260 _aMadrid :
_b[s.n.,
_c1949]
300 _a48 p. ;
_c25 cm.
500 _aEs separata de: Cuadernos de Literatura, fasc. 13-14-15, enero-junio, 1949, p. 39-84.
600 1 4 _aDarío, Rubén,
_d1867-1916-
_xCrítica e interpretación
_942722
852 _aES-MaACL
_j1914-F-6
999 _c70607
_d70607